LEADER 01476nam a2200325 a 4500 001 000000147894 003 CaOOAMICUS 005 20151202132528.0 008 151202s2015 xxu n 001 u eng r 020 $a9780199696543* 032 $aLibriCat 040 $aPUL$bita 082 04$a193 245 04$aThe Oxford handbook of German philosophy in the Nineteenth Century /$cedited by Michael N. Forster and Kristin Gjesdal. 246 30$aGerman philosophy in the Nineteenth Century 260 $aOxford ;$aNew York :$bOxford University Press,$c©2015. 300 $axvi, 872 p. ;$c25 cm. 504 $aInclude riferimenti bibliografici ed indice. 650 4$aFilosofia tedesca$ySec. XIX.$0(OLS)http://pul/subject/22389 700 1 $aForster, Michael N.$0(OLS)http://pul/name/94494 700 1 $aGjesdal, Kristin.$0(OLS)http://pul/name/94495 850 $aPUL 852 $aPUL$W1$xSL Filosofia 3$y81$m193 FORMI 1$j170738$qDDC 21$B171711$CPULBib$Z2$F171711 $H126672 $81 941 1 $a9 996 $6020$a9780199696543*$9(OLS)http://pul/number/159158 996 $6082$a193$9(OLS)http://pul/classification/412 996 $6245$aThe Oxford handbook of German philosophy in the Nineteenth Century$9(OLS)http://pul/title/186625 996 $6246$aGerman philosophy in the Nineteenth Century$9(OLS)http://pul/title/186626 996 $6260$aOxford ;$aNew York :$bOxford University Press$9(OLS)http://pul/publisher/74678 LEADER 01495nam a2200349 a 4500 001 000000176154 003 CaOOAMICUS 005 20230918165519.0 006 a 000 u 008 230918s2021 it u000 u ita r 020 $a978-88-372-3556-7* 032 $aLibriCat 040 $aPUL$bita 084 $a189.4 245 00$aAgostino e la sua eredità :$bteologia, filosofia e letteratura /$cVito Limone, Giulio Maspero (eds.) 250 $a1.ed. 260 $aBrescia :$bMorcelliana,$c©2021. 300 $a426 p. ;$b$c22 cm 490 1 $aFilosofia. Testi e studi ;$v113 500 $aContiene le relazioni presentate al Convegno tenuto a Milano nel 2019 e una scelta di scritti di vari. 504 $aBibliografia nelle note. 700 1 $aLimone, Vito.$0(OLS)http://pul/name/82447 700 1 $aMaspero, Giulio,$csac.,$d1970 -$0(OLS)http://pul/name/53644 830 0$aFilosofia (Morcelliana)$pTesti e Studi ;$v113.$0(OLS)http://pul/title/148210 850 $aPUL 852 $aPUL$W1$xSL Filosofia 3$y81$m103 COLL 12.1.113$j200316$qDDC 21$B205098$CPULBib$Z2$F205098 $H136505 $82 941 1 $a9 996 $6020$a978-88-372-3556-7*$9(OLS)http://pul/number/169342 996 $6084$a189.4$9(OLS)http://pul/classification/3234 996 $6245$aAgostino e la sua eredità :$bteologia, filosofia e letteratura$9(OLS)http://pul/title/217655 996 $6260$aBrescia :$bMorcelliana$9(OLS)http://pul/publisher/47854